Mario - Trouvez ces Personnages aléatoires - Statistiques

Statistiques générales
  • Ce quiz a été pris 33 fois
    3 depuis la dernière actualisation
  • Le résultat moyen est 31 sur 50
Statistiques - réponses
Par images Réponse % Correct
Arato
100%
Arayée
100%
Bébé Bowser
100%
Bébé Luigi
100%
Bélixo
100%
Billy Banane
100%
Bowser de Papier
100%
Cheep Kipik
100%
Coccinelly
100%
Daisy de feu
100%
Dranguille
100%
Frère Cryo
100%
Funky Kong
100%
Garde-à-boue
100%
Kammy Koopa
100%
Kiddy Kong
100%
Lakilester
100%
Luigi pingouin
100%
Luigi renard
100%
Luigi Ressort
100%
Luméduse
100%
Marilyne
100%
Mario
100%
Mario Ailé
100%
Mario de pierre
100%
Mario éléphant
100%
Mario foreuse
100%
Mario Nuage
100%
Martin Tamarre & Gai Lurin
100%
Méga Bloups
100%
Mini-Luigi
100%
Mona
100%
Mr. Œil
100%
Noki
100%
Paracoccinelly
100%
Pauline
100%
Peinturion
100%
Pinglisse
100%
Poulbi
100%
Poulbob
100%
Reine des Abeilles
100%
Roi Bob-Omb
100%
Roi Whomp
100%
Spewart
100%
Sphynx
100%
Stella
100%
Super Koopa
100%
Sushi
100%
Toad
100%
Topi Taupe
100%
Vache
100%
Woosh
100%
Bonhomme de neige
50%
Luigi d'argent
50%
Mario-Grenouille
50%
Paragoomba
50%
Rango
50%
Ted Torpille
50%
Alfronce
0%
Ambre Brusquade
0%
Amp
0%
Ampéria
0%
Animateur Snifit
0%
Antasma
0%
Aquaraignée
0%
Ashley
0%
Astre Noir
0%
Avalave
0%
Avalave des sables
0%
Bandit
0%
Barjo Daisy
0%
Batadon
0%
Bébé Bloups
0%
Bébé Daisy
0%
Bébé Donkey Kong
0%
Bébé Harmonie
0%
Bébé Luma
0%
Bébé Mario
0%
Bébé Peach
0%
Bébé Waluigi
0%
Bébé Wario
0%
Bébé Yoshi
0%
Bill Balle
0%
Bill Bourrin
0%
Bill Dozer
0%
Birdo
0%
Bloups
0%
Bobby
0%
Bob-Omb
0%
Bob-Omb rose
0%
Bombart
0%
Bombinette
0%
Boo
0%
Boo-bomb
0%
Boohemoth
0%
Boolossus
0%
Boo pêcheur
0%
Booster
0%
Booxeur
0%
Boshi
0%
Boum Boum
0%
Bowsémona
0%
Bowser
0%
Bowser chat
0%
Bowser en furie
0%
Bowser Jr.
0%
Bowser Skelet
0%
Bruyinsecte
0%
Butitine
0%
Bwoosh
0%
Candy Kong
0%
Capitaine Toad
0%
Cappy
0%
Captaine Syrup
0%
Carbocroc
0%
Carmina
0%
Carottin
0%
Carottin Ballon
0%
Catacouac
0%
Célestin
0%
Chain Chomp
0%
Chapiforme
0%
Charlie Bloc
0%
Charvaargh
0%
Cheep-Cheep
0%
Cheep Chomp
0%
Chocosta
0%
Chompi
0%
Chomp Pyro
0%
Chunky Kong
0%
Cigogne
0%
Collette
0%
Comte Niark
0%
Congélo
0%
Couchomb
0%
Cranky Kong
0%
Crapognon
0%
Cruxéroce
0%
Cruxinistre
0%
Cumulia
0%
Daisy Ballon
0%
Daisy bulles
0%
Daisy éléphant
0%
Daisy foreuse
0%
Dame Bouh
0%
Dame Syrah
0%
Dauphin
0%
Dendinard
0%
Diddy Kong
0%
Dimensio
0%
Dino Piranha
0%
Dino Piranha Jr.
0%
Dino-Rhino
0%
Dixie Kong
0%
Donkey Kong
0%
Donkey Kong Jr.
0%
Dorrie
0%
Draggadon
0%
Dr.Mario
0%
Ectochien
0%
Étoile d'or
0%
Fleur cancan
0%
Flexcible
0%
Flonflon
0%
Flora Piranha
0%
Forgeroi
0%
Fourmili
0%
Fourretout
0%
Frère Boomerang
0%
Frère Marto
0%
Frère Marto Volant
0%
Frère Mastoc
0%
Frère Pyro
0%
Frère Sumo
0%
Frouchotte
0%
Fuzzy
0%
Galoomba
0%
Gargantulus
0%
Geno
0%
Giga Bowser
0%
Giga Mario chat
0%
Globuloboss
0%
Gluigi
0%
Goinfre Luma
0%
Goomba
0%
Goomba Casqué
0%
Goomba Citrouille
0%
Goombalisson
0%
Goombario
0%
Goombette
0%
Goomb'os
0%
Goomboss
0%
Goomélie
0%
Gracowitz
0%
Graguémona
0%
Gros Bélixo
0%
Grumpy Kong
0%
Hariet
0%
Harmonie
0%
Harmonie Boomerang
0%
Harmonie chat
0%
Harmonie de feu
0%
Harmonie Tanuki
0%
Hélico Maskass
0%
Hériss
0%
Iggy Koopa
0%
Il Piantissimo
0%
Jacoco
0%
Jardien
0%
Jaxi
0%
J.E.T.
0%
Jimmy T
0%
Kab-omb
0%
Kamek
0%
Kat & Ana
0%
King K.Rool
0%
Klepto
0%
Koopa Junior
0%
Koopa Troopa
0%
Koopek
0%
Kooper
0%
Kopo
0%
Kritter
0%
Kylie Koopa
0%
Lakitu
0%
Lanky Kong
0%
Lapin Stellaire
0%
Larry Koopa
0%
Lemmy Koopa
0%
Le Mystérieux
0%
Lophius
0%
Lubba
0%
Ludwig von Koopa
0%
Luigi
0%
Luigi abeille
0%
Luigi Ballon
0%
Luigi Boomerang
0%
Luigi bulles
0%
Luigi cape
0%
Luigi chat
0%
Luigi de feu
0%
Luigi de Glace
0%
Luigi de Papier
0%
Luigi de pierre
0%
Luigi écureuil volant
0%
Luigi éléphant
0%
Luigi fantôme
0%
Luigi foreuse
0%
Luigi Hélice
0%
Luigi Kitsune
0%
Luigi Nuage
0%
Luigi ouvrier
0%
Luigi Statue
0%
Luigi Volant
0%
Luma
0%
Lune
0%
Madame Broode
0%
Madame Clairvue
0%
Magikoopa
0%
Mallow
0%
Mario abeille
0%
Mario Ballon
0%
Mario Boomerang
0%
Mario bulles
0%
Mario cape
0%
Mario chat
0%
Mario de feu
0%
Mario de Glace
0%
Mario de métal
0%
Mario de Papier
0%
Mario d'or
0%
Mario écureuil volant
0%
Mario en fleur
0%
Mario fantôme
0%
Mario Hélice
0%
Mario Invincible
0%
Mario-Marteau
0%
Mario ouvrier
0%
Mario pingouin
0%
Mario raton-laveur
0%
Mario Ressort
0%
Mario Statue
0%
Mario Tanuki
0%
Mario Volant
0%
Marjolène
0%
Mashiko
0%
Maskass
0%
Ma'tuvu
0%
Mecha Cheep
0%
Mechakoopa
0%
Mégapod
0%
Métaboss
0%
Mini-Bowser
0%
Mini-Bowser
0%
Mini-Bowser Jr.
0%
Mini-Diddy Kong
0%
Mini-Donkey Kong
0%
Mini-Harmonie
0%
Mini-Mario
0%
Mini-Pauline
0%
Mini-Peach
0%
Mini-Toad
0%
Mini-Yoshi
0%
Mips
0%
Mister L
0%
Momimoi
0%
Monsieur Bontuyau
0%
Mordrène
0%
Morton Koopa Jr.
0%
Muncher
0%
New Donker
0%
Ninji
0%
Nipper
0%
Olivia
0%
Oméga
0%
Oscar
0%
Ossec
0%
Oursin
0%
Paltrak
0%
Papillette
0%
Papy Champi
0%
Parabruyinsecte
0%
Parakarry
0%
Paraskelerex
0%
Paratroopa
0%
Pargne
0%
Peach Ballon
0%
Peach Boomerang
0%
Peach bulles
0%
Peach chat
0%
Peach de feu
0%
Peach d'or rose
0%
Peach éléphant
0%
Peachette
0%
Peach foreuse
0%
Peach Tanuki
0%
Perry
0%
Pétillopode
0%
Petit oiseau
0%
Phanto
0%
Pianta
0%
Pico Condor
0%
Picos
0%
Pincemi
0%
Pingouin
0%
Plante Piranha
0%
Plante Piranh'os
0%
Plessie
0%
Plumy
0%
Podkol
0%
Podoboo
0%
Pokey
0%
Pokey des neiges
0%
Polta
0%
Poochy
0%
Poplin
0%
Poppy Kong
0%
Porc Kipic
0%
Poulba
0%
Poulboo
0%
Poulpoboss
0%
Poum Poum
0%
Pousse Piranha
0%
Prince Florian
0%
Prince Harik
0%
Princesse Daisy
0%
Princesse Libella
0%
Princesse Peach
0%
Princesse Peach de Papier
0%
Princesse Xhampi
0%
Prince Tédibert
0%
Professeur K. Tastroff
0%
Professeur Toad
0%
PtiYoshi
0%
Ptooie
0%
Pyro Piranha
0%
Rambi le rhinocéros
0%
Rapaf
0%
Raplapla
0%
Raton Laveur
0%
Recrue poplin
0%
Reine des ténèbres
0%
Reine Végélia
0%
Rex
0%
Reznor
0%
Robby
0%
Robelaise
0%
Robot Mario
0%
Roi Boo
0%
Roi Mambaristo
0%
Roi Olly
0%
Roulécrac
0%
Roy Koopa
0%
Rumpel
0%
Sagétoile
0%
Scaraboss
0%
Séléna
0%
Skelerex
0%
Soleil
0%
Solima
0%
Spikaglass
0%
Spikaroc
0%
Spike
0%
Spike
0%
Squawks le perroquet
0%
Squiggler
0%
Sushie
0%
Swanky Kong
0%
Swooper
0%
Tatanga
0%
Théâtrin
0%
Thwomp
0%
Tiara
0%
Tiki Tong
0%
Tiny Kong
0%
Tippi
0%
Toad Ballon
0%
Toad bleu
0%
Toad Boomerang
0%
Toad bulles
0%
Toad cape
0%
Toad chat
0%
Toad de feu
0%
Toad de Glace
0%
Toad écureuil volant
0%
Toad éléphant
0%
Toadette
0%
Toadette Ballon
0%
Toadette Boomerang
0%
Toadette bulles
0%
Toadette cape
0%
Toadette chat
0%
Toadette de feu
0%
Toadette de Glace
0%
Toadette écureuil volant
0%
Toadette éléphant
0%
Toadette foreuse
0%
Toadette Hélice
0%
Toadette ouvrière
0%
Toadette pingouin
0%
Toad foreuse
0%
Toad Hélice
0%
Toad jaune
0%
Toad ouvrier
0%
Toad pingouin
0%
Toad Tanuki
0%
Tokotoko
0%
Topper
0%
Torti Taupe
0%
Tour Goomba
0%
Tumble
0%
Ukiki
0%
Undodog
0%
Virus
0%
Viviane
0%
Void Kong
0%
Voltfas
0%
Voyou
0%
Waluigi
0%
Wanda
0%
Wario
0%
Wart
0%
Watt
0%
Wendy O. Koopa
0%
Whomp
0%
Wiggler
0%
Wingo
0%
Wrinkly Kong
0%
Xhampi
0%
Yamamura
0%
Yoob
0%
Yoshi
0%
Yoshi Ballon
0%
Zarbipas
0%
Zuituzèc
0%
Aucun quiz correspondant
Distribution des résultats
% des personnes avec chaque résultat
Percentile par nombre de réponses
Votre historique - résultats
Vous n’avez pas pris ce quiz depuis la dernière actualisation